000 00769nam a2200205Ii 4500
003 JO-AjNU
008 230605s9999||||xx |||||||||||||| ||und||
040 _aJO-AjNU
_bara
_erda
_cJO-AjNU
041 _aara
050 1 4 _aDS79.72.D3322 1992
100 3 _aالدغشي، أحمد محمد؛ تقديم الديلمي، عبد الوهاب,
_eauthor
_917030
245 0 0 _aمواقف الاسلاميين من ازمة الخليج: دراسة نقدية إصلاحية
250 _aط1
264 3 1 _aصنعاء: مكتبة الرشاد، 1992
300 _a208ص
336 _atext
_btxt
_2rdacontent
337 _aunmediated
_bn
_2rdamedia
338 _avolume
_bnc
_2rdacarrier
650 4 _aالعراق-حرب الخليج - مواقف الاسلاميين
_917031
999 _aA5175
_c8743
_d8743